Statistiques concernant AGENT R6

Cliquez ici pour prendre le quiz!

Statistiques générales

  • Ce quiz a été pris 167 fois
  • Le résultat moyen est 40 sur 61

Statistiques - réponses

indicationréponse% Correct
GIGNdoc
95%
GIGNtwitch
92%
GIGNmontagne
89%
GIGNrook
89%
GSG-9blitz
87%
SASmute
86%
SASsledge
86%
SASsmoke
86%
SPETSNAZfuze
85%
SPETSNAZkapkan
83%
GSG-9bandit
82%
BOPEcaveira
80%
GSG-9jager
80%
SPETSNAZglaz
79%
GSG-9iq
79%
NAVY SEALvalkyrie
78%
JTF2frost
77%
JTF2buck
76%
GEOmira
74%
BOPEcapitao
73%
NAVY SEALblackbeard
72%
SAThibana
72%
UNITE ANTI-MENACES NRBlion
72%
SPETSNAZtachanka
72%
GEOjackal
71%
707th SMBvigil
71%
GROMela
68%
UNITE ANTI-MENACES NRBfinka
68%
SDUlesion
68%
SASRmozzie
67%
SASthatcher
67%
SATecho
65%
GROMzofia
65%
NIGHTHAVENkali
63%
SDUying
63%
GISalibi
62%
ITUGSclash
62%
GIGRkaid
61%
707th SMBdokkaebi
60%
SASRgridlock
60%
GISmaestro
60%
NIGHTHAVENace
59%
GIGRnomad
59%
ITUGSmaverick
57%
SERVICES SECRETSwarden
54%
NIGHTHAVENgrim
53%
JAEGER CORPSnokk
53%
INCONNUEoryx
53%
NIGHTHAVENaruni
52%
ASEiana
51%
INCONNUEazami
49%
STAR-NET AVIATIONthunderbird
49%
EORzero
49%
FORCES SPECIALESgoyo
48%
NIGHTHAVENwamai
48%
FORCE OPERATIONELLE WOLFSGUARDmelusi
46%
APCAamaru
44%
NIGHTHAVENosa
43%
INCONNUEflores
39%
UNITE D'INTERVENTION D'URGENCEthorn
39%
SFGsens
37%

Distribution des résultats

Percentile par nombre de réponses

% des personnes avec chaque résultat

Votre développement - résultats

Vous n’avez pas pris ce quiz